Countries Manmohan Singh has visited - Statistics

General Stats
  • This quiz has been taken 16 times
  • The average score is 42 of 46
Answer Stats
Continent Country % Correct
Asia Bhutan
100%
Asia Bangladesh
92%
Europe Belgium
92%
South America Brazil
92%
Asia Brunei
92%
Asia Cambodia
92%
North America Canada
92%
Asia China
92%
North America Cuba
92%
Europe Denmark
92%
Africa Egypt
92%
Africa Ethiopia
92%
Europe Finland
92%
Europe France
92%
Europe Germany
92%
Asia Indonesia
92%
Asia Japan
92%
Asia Kazakhstan
92%
Asia Malaysia
92%
Africa Mauritius
92%
North America Mexico
92%
Asia Oman
92%
Asia Qatar
92%
Asia/ Europe Russia
92%
Asia Saudi Arabia
92%
Asia Singapore
92%
Africa South Africa
92%
Asia South Korea
92%
Asia Sri Lanka
92%
Asia Thailand
92%
Asia the Maldives
92%
Europe the Netherlands
92%
Asia the Philippines
92%
North America Trinidad and Tobago
92%
Europe United Kingdom
92%
North America United States of America
92%
Asia Uzbekistan
92%
Asia Vietnam
92%
Asia Afghanistan
83%
Asia Iran
83%
Europe Italy
83%
Asia Laos
83%
Asia Myanmar
83%
Africa Nigeria
83%
Africa Tanzania
83%
Africa Uganda
83%
No matching quizzes found
Score Distribution
Percent of People with Each Score
Percentile by Number Answered
Your Score History
You have not taken this quiz